01432cam a2200241 a 450000500170000000800410001704000230005804100080008104400070008908200190009611000850011524501920020026000790039230000680047150001770053950000320071650400420074865000610079065000670085165000460091874001770096471000490114120161125084054.0021119s2002 ck ad r 00010 spa d ala cladCO-BoIAVH0 aspa ack04a632.18 bC71m 1 aColombia. bMinisterio del Medio Ambiente. bDirección General de Ecosistemas.10aManual técnico para jefes de incendios forestales / cMinisterio del Medio Ambiente. Dirección General de Ecosistemas ; colaboración Ministerio de Educación Nacional ... [et al.]. a[Bogotá] : bEdiciones Aeci Cooperación para el Desarrollo, c[2002?]. a92 páginas :bilustraciones y tablas ;c24 x 17 centímetros aFormulación y puesta en marcha de los programas nacionales de capacitación e información pública en prevención y mitigación de incendios forestales en Colombia. aGlosario : páginas 85-88. aIncluye referencias bibliográficas.16aIncendios forestalesvGuías, manuales, etc.zColombia.26aPrevención de incendios forestales.vGuías, manuales, etc.26aQuema controladavGuías, manuales, etc.02aFormulación y puesta en marcha de los programas nacionales de capacitación e información pública en prevención y mitigación de incendios forestales en Colombia.1 aColombiabMinisterio de Educación Nacional